Online
Catalog

Jesús, hijo de mujer / (Record no. 3791)

MARC details
000 -CABECERA
campo de control de longitud fija 01066cam a2200289 a 4500
001 - NÚMERO DE CONTROL
campo de control 000003972
005 - FECHA Y HORA DE LA ÚLTIMA TRANSACCIÓN
campo de control 20200929150639.0
008 - DATOS DE LONGITUD FIJA--INFORMACIÓN GENERAL
campo de control de longitud fija 920124s1993 sp b 001 0 spa
020 ## - NÚMERO INTERNACIONAL ESTÁNDAR DEL LIBRO
Número Internacional Estándar del Libro 8427017057
040 ## - FUENTE DE LA CATALOGACIÓN
Centro catalogador/agencia de origen DO-SdBNP
Centro/agencia transcriptor DLC
Centro/agencia modificador DLC
041 17 - CÓDIGO DE LENGUA
Código de lengua del texto/banda sonora o título independiente Spa
Código de lengua del sumario o resumen Eng
Fuente del código Código de idioma MARC
082 ## - NÚMERO DE LA CLASIFICACIÓN DECIMAL DEWEY
Número de clasificación 232.921
Número de documento/Ítem S763J
100 1# - ENTRADA PRINCIPAL--NOMBRE DE PERSONA
Nombre de persona Spong, John Shelby.
Fechas asociadas al nombre 1931-
9 (RLIN) 11922
240 10 - TÍTULO UNIFORME
Título uniforme Born of a woman.
Lenguaje de la obra Español
245 10 - MENCIÓN DE TÍTULO
Título Jesús, hijo de mujer /
Mención de responsabilidad, etc. John Shelby Spong; traducción de José M. Pomares; ilustración, Jan Sanders Hemesen.
260 ## - PUBLICACIÓN, DISTRIBUCIÓN, ETC.
Lugar de publicación, distribución, etc. Barcelona :
Nombre del editor, distribuidor, etc. Martínez Roa,
Fecha de publicación, distribución, etc. 1993.
-- c1992.
300 ## - DESCRIPCIÓN FÍSICA
Extensión 237 p. ;
Dimensiones 22 cm.
490 1# - MENCIÓN DE SERIE
Mención de serie Enigmas del cristianismo
534 ## - NOTA SOBRE LA VERSIÓN ORIGINAL
Encabezamiento principal del original Título original:
Mención de título del original Born of a woman
504 ## - NOTA DE BIBLIOGRAFÍA, ETC.
Nota de bibliografía, etc. Incluye referencias bibliográficas (p. 233-237).
650 #4 - PUNTO DE ACCESO ADICIONAL DE MATERIA--TÉRMINO DE MATERIA
Término de materia o nombre geográfico como elemento de entrada Natividad de jesús
9 (RLIN) 1400
650 #4 - PUNTO DE ACCESO ADICIONAL DE MATERIA--TÉRMINO DE MATERIA
Término de materia o nombre geográfico como elemento de entrada Biblia. a.t.
Subdivisión general Crítica e interpretación
9 (RLIN) 1022
700 1# - PUNTO DE ACCESO ADICIONAL--NOMBRE DE PERSONA
Nombre de persona Pomares, José M.,
Término indicativo de función/relación tr.
9 (RLIN) 11923
700 1# - PUNTO DE ACCESO ADICIONAL--NOMBRE DE PERSONA
Nombre de persona Hemesen, Jan Sander ;
Término indicativo de función/relación il.
9 (RLIN) 11924
830 #0 - PUNTO DE ACCESO ADICIONAL DE SERIE-TÍTULO UNIFORME
Título uniforme Enigmas del cristianismo.
9 (RLIN) 11925
910 ## - DATOS DE OPCIÓN DEL USUARIO (OCLC)
Datos de opción del usuario Catalogación por copia / LC
Holdings
Estado de retiro Estado de pérdida Restricciones de uso No para préstamo Código de colección Localización permanente Ubicación/localización actual Ubicación en estantería Fecha de adquisición Número de inventario Total de préstamos Signatura topográfica completa Código de barras Fecha visto por última vez Precio válido a partir de Tipo de ítem Koha
    Préstamo interno   Monografías: Libros y Folletos General General En catalogación 15.07.2009 LF1   232.921 S763J 3972-10 25.06.2020 25.06.2020 Préstamo interno

Powered by Koha